[Event "DEM U10/U10w 2013"]
[Site "Oberhof GER"]
[Date "2013.05.19"]
[Round "2"]
[White "Huber, Benedikt"]
[Black "Truong, Lisa"]
[Result "1-0"]
[Termination "normal"]
[Board "24"]
[WhiteElo "1689"]
[BlackElo "793"]
[PlyCount "121"]
[WhiteFideId "12923583"]
[BlackFideId "12983462"]
[EventCountry "GER"]
[EventRounds "11"]
[EventType "swiss"]
[EventDate "2013.05.18"]

1. c4 c5 2. g3 Nf6 3. Bg2 Nc6 4. Nc3 e6 5. e3 Qc7 6. Nge2 Nb4 7. d3 d6 8. a3
Nc6 9. O-O Be7 10. e4 e5 11. f4 O-O 12. Be3 Bd7 13. Qe1 a6 14. f5 Rab8 15. a4
Rfe8 16. h3 Nb4 17. Qd2 b6 18. g4 g6 19. Bg5 Qd8 20. Bh6 Bf8 21. Bg5 Bg7 22.
Nc1 Rf8 23. Bh6 Qe7 24. Bxg7 Kxg7 25. g5 Kh8 26. gxf6 Qxf6 27. Qh6 Qg7 28.
Qxg7+ Kxg7 29. f6+ Kg8 30. Nd5 Nxd5 31. exd5 Bf5 32. Kh2 Ra8 33. Rf3 b5 34.
axb5 axb5 35. Rxa8 Rxa8 36. cxb5 Rb8 37. d4 cxd4 38. Ra3 h6 39. Rb3 Bd7 40. b6
Ba4 41. Rb4 Bd7 42. Be4 Bc8 43. Bd3 Bb7 44. Bc4 e4 45. Kg2 d3 46. Nb3 e3 47.
Bxd3 Bxd5+ 48. Kf1 Bxb3 49. Rxb3 Kf8 50. b7 Ke8 51. Ba6 Kd7 52. Rc3 h5 53. Rc8
Rxb7 54. Bxb7 Ke6 55. b4 Kxf6 56. b5 Kf5 57. Bg2 Ke5 58. b6 Kd4 59. b7 Kd3 60.
b8=Q Kd2 61. Qxd6# 1-0

[Event "DEM U10/U10w 2013"]
[Site "Oberhof GER"]
[Date "2013.05.19"]
[Round "2"]
[White "Richardt, Josia"]
[Black "Kublanov, Elizabeth"]
[Result "0-1"]
[Termination "normal"]
[Board "25"]
[WhiteElo "1205"]
[BlackElo "1103"]
[PlyCount "64"]
[WhiteFideId "16217594"]
[BlackFideId "12944564"]
[EventCountry "GER"]
[EventRounds "11"]
[EventType "swiss"]
[EventDate "2013.05.18"]

1. e4 e5 2. Nf3 Nc6 3. Bc4 Nf6 4. d3 d5 5. exd5 Nxd5 6. O-O Bc5 7. h3 Qd6 8.
Re1 O-O 9. Bd2 Re8 10. Re2 Bf5 11. Qe1 Nd4 12. Nxd4 Bxd4 13. c3 Bb6 14. b4 c6
15. a4 a5 16. b5 Rad8 17. d4 Re7 18. dxe5 Qg6 19. Bxd5 Rxd5 20. Be3 Rdxe5 21.
Kf1 Bd3 22. Na3 Qf5 23. Kg1 Bxe2 24. Qxe2 Bxe3 25. fxe3 Rxe3 26. Qd2 Rd3 27.
Qc1 Qg6 28. Qf4 h6 29. Kh1 Re2 30. Rg1 Rg3 31. Qf1 Qe4 32. bxc6 Rxh3# 0-1

[Event "DEM U10/U10w 2013"]
[Site "Oberhof GER"]
[Date "2013.05.19"]
[Round "2"]
[White "Burian, Simon"]
[Black "Gazizov, Max"]
[Result "1-0"]
[Termination "normal"]
[Board "26"]
[WhiteElo "1370"]
[BlackElo "1042"]
[PlyCount "63"]
[WhiteFideId "12956902"]
[BlackFideId "12951323"]
[EventCountry "GER"]
[EventRounds "11"]
[EventType "swiss"]
[EventDate "2013.05.18"]

1. e4 c5 2. Nf3 d6 3. d4 cxd4 4. Nxd4 Nf6 5. Nc3 a6 6. Bg5 e6 7. Qd2 Be7 8.
O-O-O O-O 9. f4 b5 10. Bxf6 Bxf6 11. g4 Bb7 12. a3 Qc7 13. g5 Be7 14. h4 Nd7
15. h5 Qc5 16. Nb3 Qb6 17. Bh3 Nc5 18. Rhg1 Nxe4 19. Nxe4 Bxe4 20. Qe2 Qb7 21.
Bg2 Bxg2 22. Rxg2 Rac8 23. Rdg1 g6 24. hxg6 fxg6 25. Qxe6+ Kh8 26. Rh2 Rg8 27.
Rgh1 Rg7 28. Qe3 d5 29. Qd4 Bd6 30. Rxh7+ Kg8 31. Rh8+ Kf7 32. Qf6# 1-0

[Event "DEM U10/U10w 2013"]
[Site "Oberhof GER"]
[Date "2013.05.19"]
[Round "2"]
[White "Brunkardt, Elena"]
[Black "Pantsernaya, Sofya"]
[Result "1-0"]
[Termination "normal"]
[Board "27"]
[WhiteElo "1010"]
[BlackElo "1253"]
[PlyCount "89"]
[WhiteFideId "16208838"]
[BlackFideId "12993182"]
[EventCountry "GER"]
[EventRounds "11"]
[EventType "swiss"]
[EventDate "2013.05.18"]

1. e4 d5 2. e5 c5 3. c3 Nc6 4. d4 cxd4 5. cxd4 e6 6. Bb5 Qa5+ 7. Nc3 Bb4 8.
Nge2 Qxb5 9. O-O Qb6 10. a3 Bxc3 11. bxc3 Nge7 12. Bg5 O-O 13. Qd3 Ng6 14. Qg3
Kh8 15. Rfd1 Na5 16. h4 Qb5 17. Ra2 f5 18. exf6 gxf6 19. Be3 Bd7 20. h5 Ne7 21.
Qf3 Nf5 22. Raa1 Nxe3 23. fxe3 e5 24. Rf1 Nc4 25. Rf2 e4 26. Qf4 Nb2 27. Qh4
Qc6 28. Nf4 Nd3 29. Ng6+ Kg8 30. Nxf8 Nxf2 31. Nxd7 Qxd7 32. Qxf2 Qg4 33. Qf4
Qxh5 34. Rf1 Rf8 35. Qc7 Qe2 36. Qxb7 Qxe3+ 37. Kh2 Qd3 38. Rf4 Qe2 39. Qxd5+
Kg7 40. Rxe4 Qd2 41. Qd7+ Rf7 42. Rg4+ Kh6 43. Qxf7 Qb2 44. Rh4+ Kg5 45. Qh5#
1-0

[Event "DEM U10/U10w 2013"]
[Site "Oberhof GER"]
[Date "2013.05.19"]
[Round "2"]
[White "Grund, Sebastian"]
[Black "Ewerhardy, Moritz"]
[Result "1-0"]
[Termination "normal"]
[Board "28"]
[WhiteElo "1231"]
[BlackElo "1019"]
[PlyCount "87"]
[WhiteFideId "12988626"]
[BlackFideId "36052086"]
[EventCountry "GER"]
[EventRounds "11"]
[EventType "swiss"]
[EventDate "2013.05.18"]

1. c4 c5 2. e3 Nf6 3. Nc3 Nc6 4. d4 e6 5. Nf3 Be7 6. Be2 Qc7 7. a3 a5 8. Nb5
Qb6 9. Qb3 Qd8 10. Bd3 O-O 11. Bd2 b6 12. Qc2 Bb7 13. Ng5 g6 14. Ne4 Re8 15.
Ned6 Rf8 16. Nxb7 Qc7 17. Nxc7 Ra7 18. Nxc5 bxc5 19. Nb5 Raa8 20. O-O Ne8 21.
Be4 Rc8 22. Bxc6 Rxc6 23. Bxa5 Bf6 24. Bc3 Bg7 25. d5 exd5 26. Bxg7 Nxg7 27.
cxd5 Rb6 28. Qxc5 Rf6 29. Qd4 Nh5 30. g4 Ra6 31. gxh5 gxh5 32. Kh1 f6 33. Rg1+
Kh8 34. d6 Rf7 35. Rac1 Ra8 36. Rc7 Rd8 37. Na7 h6 38. Rc8 Rxc8 39. Nxc8 Kh7
40. b4 Kh8 41. b5 Rf8 42. b6 Kh7 43. b7 Rf7 44. b8=R 1-0

[Event "DEM U10/U10w 2013"]
[Site "Oberhof GER"]
[Date "2013.05.19"]
[Round "2"]
[White "Wachinger, Nikolas"]
[Black "Koll, Linus"]
[Result "0-1"]
[Termination "normal"]
[Board "29"]
[WhiteElo "1007"]
[BlackElo "1208"]
[PlyCount "106"]
[WhiteFideId "12962791"]
[BlackFideId "12990299"]
[EventCountry "GER"]
[EventRounds "11"]
[EventType "swiss"]
[EventDate "2013.05.18"]

1. e4 e5 2. Nf3 Nc6 3. Bb5 Bc5 4. O-O d6 5. c3 Nf6 6. Re1 O-O 7. d4 Bb6 8. Bg5
h6 9. Bh4 Bg4 10. Bxc6 bxc6 11. h3 Bxf3 12. Qxf3 exd4 13. e5 g5 14. Bxg5 hxg5
15. Qxf6 Qxf6 16. exf6 dxc3 17. Nxc3 Bd4 18. Re7 Rac8 19. Ne4 d5 20. Rd1 Bxb2
21. Nc5 Ba3 22. Nd7 Rfd8 23. Rde1 Bxe7 24. fxe7 Re8 25. Nf6+ Kg7 26. Nd7 Rh8
27. g3 Rce8 28. Kg2 Rh6 29. Kf3 Re6 30. Rh1 R8xe7 31. Nc5 Rf6+ 32. Kg2 Re2 33.
Rf1 Rxa2 34. h4 g4 35. Nd7 Rf3 36. Ne5 Rc3 37. Nxg4 a5 38. Re1 a4 39. h5 a3 40.
h6+ Kh7 41. Re7 Kg6 42. Rxc7 Rb2 43. Ra7 a2 44. Ne3 Rc1 45. h7 Kxh7 46. Rxf7+
Kg6 47. Ra7 a1=Q 48. Rxa1 Rxa1 49. g4 Raa2 50. Nd1 Rd2 51. Ne3 Rxf2+ 52. Kg3 d4
53. Nc4 Rfc2 0-1

[Event "DEM U10/U10w 2013"]
[Site "Oberhof GER"]
[Date "2013.05.19"]
[Round "2"]
[White "Ruppert, Paula"]
[Black "Bünte, Kirsten"]
[Result "0-1"]
[Termination "normal"]
[Board "30"]
[WhiteElo "989"]
[BlackElo "1182"]
[PlyCount "118"]
[WhiteFideId "12979996"]
[BlackFideId "16200535"]
[EventCountry "GER"]
[EventRounds "11"]
[EventType "swiss"]
[EventDate "2013.05.18"]

1. e4 e5 2. Nf3 Nf6 3. Nxe5 d6 4. Nf3 Nxe4 5. Nc3 Nxc3 6. dxc3 Nc6 7. Bb5 Bd7
8. O-O Be7 9. Re1 O-O 10. Bxc6 Bxc6 11. Nd4 Bd5 12. Nf5 Be6 13. Qg4 g6 14. Nh6+
Kg7 15. Qd4+ Bf6 16. Qb4 b6 17. Ng4 Bxg4 18. Qxg4 Re8 19. Bf4 h6 20. Qh3 g5 21.
Be3 Re6 22. Bd4 Qe7 23. Rxe6 Qxe6 24. Bxf6+ Qxf6 25. Qd7 Qd8 26. Qxd8 Rxd8 27.
Re1 Kf6 28. f3 Rd7 29. b4 Re7 30. Rxe7 Kxe7 31. Kf2 Ke6 32. Ke3 Ke5 33. Kd3 a6
34. Kc4 b5+ 35. Kd3 Kd5 36. Ke3 Kc4 37. Kd2 c5 38. a3 f6 39. g3 f5 40. h4 gxh4
41. gxh4 f4 42. h5 Kd5 43. Kd3 c4+ 44. Kd2 Ke5 45. Ke2 d5 46. Kf2 d4 47. cxd4+
Kxd4 48. Ke2 Kc3 49. Kd1 Kb2 50. a4 bxa4 51. Kd2 a3 52. c3 a2 53. Kd1 Kxc3 54.
Ke2 a1=Q 55. Kf2 Qb2+ 56. Kg1 Kd3 57. Kh1 Ke3 58. b5 Kxf3 59. bxa6 Qg2# 0-1

[Event "DEM U10/U10w 2013"]
[Site "Oberhof GER"]
[Date "2013.05.19"]
[Round "2"]
[White "Bosselmann, Tom Linus"]
[Black "Eulitz, Charlotte"]
[Result "1/2-1/2"]
[Termination "normal"]
[Board "31"]
[WhiteElo "1180"]
[BlackElo "1009"]
[PlyCount "47"]
[WhiteFideId "12983845"]
[BlackFideId "12964654"]
[EventCountry "GER"]
[EventRounds "11"]
[EventType "swiss"]
[EventDate "2013.05.18"]

1. d4 Nf6 2. c4 e5 3. e3 Bb4+ 4. Bd2 Bxd2+ 5. Nxd2 d6 6. Ngf3 Nc6 7. Nb3 Bg4 8.
Be2 O-O 9. O-O Re8 10. Qd2 Ne4 11. Qd3 Ng5 12. Nxg5 Qxg5 13. Bxg4 Qxg4 14. h3
Qd7 15. c5 b6 16. cxb6 axb6 17. a3 Rad8 18. Rac1 Na7 19. Rc3 Nb5 20. Rc2 e4 21.
Qe2 Rc8 22. Qh5 c6 23. f3 exf3 24. Rxf3 1/2-1/2

[Event "DEM U10/U10w 2013"]
[Site "Oberhof GER"]
[Date "2013.05.19"]
[Round "2"]
[White "Schmidtmann, Samantha"]
[Black "Hommer, Jeremy"]
[Result "0-1"]
[Termination "normal"]
[Board "33"]
[WhiteElo "1171"]
[BlackElo "994"]
[PlyCount "76"]
[WhiteFideId "12956759"]
[BlackFideId "12992577"]
[EventCountry "GER"]
[EventRounds "11"]
[EventType "swiss"]
[EventDate "2013.05.18"]

1. e4 e6 2. d4 d5 3. exd5 exd5 4. Bd3 c5 5. dxc5 Bxc5 6. Nf3 Nf6 7. O-O O-O 8.
Bg5 Bg4 9. Be2 Re8 10. Re1 Nbd7 11. Nc3 Qb6 12. Rf1 Qxb2 13. Nb5 Bxf3 14. gxf3
Qe5 15. Be3 Bxe3 16. fxe3 Qxe3+ 17. Rf2 Qb6 18. Kf1 a6 19. Nd4 Rac8 20. Rb1 Qa7
21. Nf5 Re6 22. Qd4 Qxd4 23. Nxd4 Rb6 24. Rd1 g6 25. Rg2 Ne5 26. Nf5 Rc7 27.
Nh6+ Kf8 28. Ng4 Nfxg4 29. fxg4 Nc4 30. Bxc4 dxc4 31. Re2 Rb2 32. Ra1 Re7 33.
Rd2 c3 34. Rd8+ Kg7 35. Rdd1 Rxc2 36. h3 Re3 37. h4 Rh3 38. g5 Rh1# 0-1

[Event "DEM U10/U10w 2013"]
[Site "Oberhof GER"]
[Date "2013.05.19"]
[Round "2"]
[White "Glinzner, Alva"]
[Black "Breitzmann, Sander"]
[Result "0-1"]
[Termination "normal"]
[Board "34"]
[WhiteElo "974"]
[BlackElo "1168"]
[PlyCount "70"]
[WhiteFideId "16206169"]
[BlackFideId "12987085"]
[EventCountry "GER"]
[EventRounds "11"]
[EventType "swiss"]
[EventDate "2013.05.18"]

1. e4 e5 2. Nf3 Nc6 3. Bc4 Bc5 4. c3 Nf6 5. d4 exd4 6. cxd4 Bb4+ 7. Nc3 Nxe4 8.
O-O Bxc3 9. bxc3 d5 10. Bd3 Bf5 11. Re1 O-O 12. Bxe4 Bxe4 13. Ng5 Bg6 14. f4 h6
15. Nh3 Qd7 16. Qf3 Rfe8 17. Rf1 Bf5 18. Bd2 Bxh3 19. gxh3 Qf5 20. Kh1 Qe4 21.
Rf2 f5 22. Kg1 Qxf3 23. Rxf3 Kf7 24. Kg2 Re2+ 25. Rf2 Rae8 26. Rd1 Rxf2+ 27.
Kxf2 Kf6 28. Rb1 b6 29. Rc1 Na5 30. Rb1 Nc4 31. Bc1 Kg6 32. Kg3 Re2 33. a3 Re1
34. Kf2 Rd1 35. Ke2 Rh1 0-1

[Event "DEM U10/U10w 2013"]
[Site "Oberhof GER"]
[Date "2013.05.19"]
[Round "2"]
[White "Klemke, Kassandra"]
[Black "Hartmann, Katrin"]
[Result "0-1"]
[Termination "normal"]
[Board "35"]
[WhiteElo "1163"]
[BlackElo "975"]
[PlyCount "66"]
[WhiteFideId "16217128"]
[BlackFideId "16200632"]
[EventCountry "GER"]
[EventRounds "11"]
[EventType "swiss"]
[EventDate "2013.05.18"]

1. e4 e5 2. Nf3 Nc6 3. Bb5 d6 4. Nc3 Nf6 5. d3 Be7 6. Be3 O-O 7. Qd2 d5 8. h4
d4 9. Bg5 dxc3 10. Qxc3 Qd6 11. h5 h6 12. Be3 a6 13. Ba4 Be6 14. Rg1 Qd8 15.
Nh2 Bb4 16. g4 Bxc3+ 17. bxc3 Qe7 18. g5 Nxh5 19. gxh6 Qa3 20. Bb3 Qb2 21. Rd1
Bxb3 22. cxb3 Qxc3+ 23. Bd2 Qc5 24. hxg7 Nxg7 25. Bh6 Qb4+ 26. Rd2 Nd4 27. Ng4
Nf3+ 28. Ke2 Nxg1+ 29. Ke3 Qc5+ 30. d4 Qc3+ 31. Rd3 Qc1+ 32. Rd2 exd4+ 33. Kd3
Qc3# 0-1

[Event "DEM U10/U10w 2013"]
[Site "Oberhof GER"]
[Date "2013.05.19"]
[Round "2"]
[White "Indilewitsch, Marie-Claire"]
[Black "Schumacher, Simon"]
[Result "0-1"]
[Termination "normal"]
[Board "36"]
[WhiteElo "963"]
[BlackElo "1156"]
[PlyCount "70"]
[EventCountry "GER"]
[EventRounds "11"]
[EventType "swiss"]
[EventDate "2013.05.18"]

1. e4 d5 2. exd5 Qxd5 3. Nc3 Qa5 4. Nf3 Nf6 5. Be2 Bf5 6. O-O Nbd7 7. d3 c6 8.
Bf4 e6 9. a3 Be7 10. b4 Qd8 11. Qd2 O-O 12. Rae1 Qb6 13. Rb1 h6 14. a4 Bxb4 15.
Rb2 Qa5 16. Rb3 Nc5 17. Rfb1 Nxb3 18. Rxb3 Nd5 19. Be5 f6 20. Bd4 c5 21. Nh4
cxd4 22. Nxf5 exf5 23. g4 dxc3 24. Qd1 Nf4 25. Bf3 Bd6 26. Rb5 Qxa4 27. Rxf5 g6
28. Bd5+ Kg7 29. Qb1 gxf5 30. Qxb7+ Kg6 31. gxf5+ Kh5 32. h3 Rg8+ 33. Kh2 Ne2+
34. Kh1 Qa1+ 35. Qb1 Qxb1# 0-1

[Event "DEM U10/U10w 2013"]
[Site "Oberhof GER"]
[Date "2013.05.19"]
[Round "2"]
[White "Schnabel, Luise"]
[Black "Jaenecke, Maike"]
[Result "1-0"]
[Termination "normal"]
[Board "37"]
[WhiteElo "1417"]
[BlackElo "968"]
[PlyCount "99"]
[WhiteFideId "12943347"]
[EventCountry "GER"]
[EventRounds "11"]
[EventType "swiss"]
[EventDate "2013.05.18"]

1. e4 e5 2. Nf3 Nc6 3. Bc4 Nf6 4. d4 exd4 5. O-O Bc5 6. e5 d5 7. exf6 dxc4 8.
Re1+ Be6 9. Ng5 Qd5 10. Nc3 Qf5 11. Nce4 O-O-O 12. Nxc5 Qxc5 13. Nxe6 fxe6 14.
fxg7 Rhg8 15. Bh6 c3 16. b3 Rd7 17. Rxe6 Rf7 18. Qg4 Rd7 19. Rf6 Ne5 20. Qh5
Qe7 21. Rf8+ Rd8 22. Rxd8+ Qxd8 23. Qxe5 Re8 24. Qf5+ Qd7 25. Qxh7 Qe6 26. h3
b6 27. Rd1 b5 28. Rd3 Qe1+ 29. Kh2 Qe5+ 30. Rg3 Kb7 31. g8=Q Rxg8 32. Qxg8 d3
33. cxd3 c2 34. Qg4 Qd6 35. Qe4+ Ka6 36. Kg1 Qxh6 37. Rg6+ Qxg6 38. Qxg6+ Ka5
39. Qc6 c1=Q+ 40. Qxc1 b4 41. Qxc7+ Ka6 42. g4 Kb5 43. g5 a6 44. Qd7+ Kb6 45.
g6 Ka5 46. g7 Kb6 47. g8=Q Kc5 48. Qgc8+ Kb6 49. Qdb7+ Ka5 50. Qc5# 1-0

[Event "DEM U10/U10w 2013"]
[Site "Oberhof GER"]
[Date "2013.05.19"]
[Round "2"]
[White "Schmidtmann, Kimberly"]
[Black "Buchloh, Adrian"]
[Result "1-0"]
[Termination "normal"]
[Board "38"]
[WhiteElo "950"]
[BlackElo "1141"]
[PlyCount "97"]
[WhiteFideId "12967106"]
[BlackFideId "12960675"]
[EventCountry "GER"]
[EventRounds "11"]
[EventType "swiss"]
[EventDate "2013.05.18"]

1. e4 d5 2. exd5 Nf6 3. Nc3 Nxd5 4. Bc4 Nxc3 5. dxc3 Qxd1+ 6. Kxd1 Bf5 7. Bf4
c6 8. a4 Nd7 9. Nf3 O-O-O 10. Kc1 e6 11. Ng5 Bg6 12. g4 h6 13. Nf3 Be4 14. Be2
Bc5 15. Rf1 Rhe8 16. Be3 Bxe3+ 17. fxe3 Nf6 18. Ne5 Rd5 19. Nxf7 Re7 20. Nxh6
gxh6 21. Rxf6 Kd7 22. Ra3 Rh7 23. Rb3 b6 24. c4 Rg5 25. h4 Rgg7 26. a5 Rf7 27.
g5 hxg5 28. hxg5 Rxf6 29. gxf6 Kc7 30. c5 bxa5 31. Ba6 Rh1+ 32. Kd2 Rh2+ 33.
Kc3 Rxc2+ 34. Kd4 Bd5 35. Rb7+ Kd8 36. f7 Rf2 37. Rb8+ Ke7 38. Rb7+ Kf8 39. e4
Ba2 40. Rc7 Rxf7 41. Rxf7+ Kxf7 42. Bb7 Ke7 43. Bxc6 Kd8 44. Ke5 Ke7 45. Bb7
Bc4 46. c6 Bb5 47. c7 Bd7 48. c8=Q Bxc8 49. Bxc8 1-0

[Event "DEM U10/U10w 2013"]
[Site "Oberhof GER"]
[Date "2013.05.19"]
[Round "2"]
[White "Wurst, Benedikt"]
[Black "Rizo Wellmann, Darja"]
[Result "1-0"]
[Termination "normal"]
[Board "39"]
[WhiteElo "1139"]
[BlackElo "956"]
[PlyCount "37"]
[WhiteFideId "12991791"]
[BlackFideId "16218361"]
[EventCountry "GER"]
[EventRounds "11"]
[EventType "swiss"]
[EventDate "2013.05.18"]

1. e4 e5 2. Nf3 Nc6 3. Bc4 Nf6 4. d3 d5 5. exd5 Nxd5 6. O-O Bc5 7. Re1 Bd4 8.
Nxd4 Nxd4 9. Rxe5+ Ne7 10. Nc3 O-O 11. Nd5 Ndc6 12. Nxe7+ Nxe7 13. Bg5 Re8 14.
Qf3 c6 15. Bxf7+ Kh8 16. Bxe8 Qxe8 17. Rxe7 Qd8 18. Qf7 Bg4 19. Qxg7# 1-0

[Event "DEM U10/U10w 2013"]
[Site "Oberhof GER"]
[Date "2013.05.19"]
[Round "2"]
[White "Höfs, Cederik"]
[Black "Guckes, Simon"]
[Result "1/2-1/2"]
[Termination "normal"]
[Board "40"]
[WhiteElo "915"]
[BlackElo "1122"]
[PlyCount "101"]
[WhiteFideId "16207653"]
[BlackFideId "12944955"]
[EventCountry "GER"]
[EventRounds "11"]
[EventType "swiss"]
[EventDate "2013.05.18"]

1. e4 c5 2. Nf3 e6 3. Nc3 Nf6 4. d3 Nc6 5. Bf4 a6 6. d4 cxd4 7. Nxd4 Bb4 8. a3
Bxc3+ 9. bxc3 Nxe4 10. Bd3 Nf6 11. O-O O-O 12. Re1 d5 13. Bg5 Re8 14. Rb1 e5
15. Nxc6 bxc6 16. c4 h6 17. Bh4 Qd6 18. a4 e4 19. Bg3 Qc5 20. Be2 Bf5 21. Bf4
Rad8 22. c3 dxc4 23. Qc1 Bg4 24. Bxg4 Nxg4 25. Rf1 Ne5 26. Be3 Qe7 27. Re1 Ng4
28. Bf4 Ne5 29. Be3 Nd3 30. Qd1 Nxe1 31. Qxe1 Qe6 32. Rb2 Qf5 33. Re2 c5 34.
Bd2 Rd7 35. f3 Rde7 36. g4 Qe6 37. h3 Qc6 38. a5 exf3 39. Rxe7 Rxe7 40. Qxe7
Qa4 41. Qxc5 Qd1+ 42. Kf2 Qxd2+ 43. Kxf3 Qxc3+ 44. Kg2 Qd2+ 45. Kg3 c3 46. Qc8+
Kh7 47. Qf5+ Kg8 48. Qc8+ Kh7 49. Qf5+ g6 50. Qxf7+ Kh8 51. Qf8+ 1/2-1/2

[Event "DEM U10/U10w 2013"]
[Site "Oberhof GER"]
[Date "2013.05.19"]
[Round "2"]
[White "Basovskiy, Jana"]
[Black "Gabriel, Benjamin"]
[Result "1-0"]
[Termination "normal"]
[Board "41"]
[WhiteElo "1109"]
[BlackElo "920"]
[PlyCount "21"]
[WhiteFideId "16208617"]
[BlackFideId "16226887"]
[EventCountry "GER"]
[EventRounds "11"]
[EventType "swiss"]
[EventDate "2013.05.18"]

1. e4 e5 2. Nf3 Nc6 3. Bc4 Bc5 4. c3 d6 5. d4 exd4 6. cxd4 Bb6 7. Ng5 Be6 8. d5
Nce7 9. dxe6 fxe6 10. Nxe6 Qd7 11. Nxg7+ 1-0

[Event "DEM U10/U10w 2013"]
[Site "Oberhof GER"]
[Date "2013.05.19"]
[Round "2"]
[White "Wastian, Mareike"]
[Black "Astner, Sebastian"]
[Result "0-1"]
[Termination "normal"]
[Board "42"]
[WhiteElo "1096"]
[BlackElo "886"]
[PlyCount "82"]
[WhiteFideId "12947423"]
[BlackFideId "12979422"]
[EventCountry "GER"]
[EventRounds "11"]
[EventType "swiss"]
[EventDate "2013.05.18"]

1. e4 c5 2. c3 d6 3. d4 cxd4 4. cxd4 Nf6 5. Nc3 g6 6. h3 Bg7 7. Nf3 Nc6 8. Be2
O-O 9. O-O Bd7 10. Bg5 Qb6 11. Qd2 Ne8 12. Rfd1 f6 13. Bc4+ Kh8 14. Bh6 Bxh6
15. Qxh6 Nc7 16. Qd2 Qb4 17. Be2 Kg7 18. e5 Rad8 19. d5 Nxe5 20. a3 Nxf3+ 21.
Bxf3 Qb6 22. Re1 Rf7 23. Be2 Rc8 24. Rac1 Nb5 25. Bf3 Nxc3 26. Rxc3 Rxc3 27.
Qxc3 Qc5 28. Qb3 b6 29. Qd3 Qb5 30. Qd2 a5 31. Rc1 Rf8 32. Be2 Qa4 33. Qe3 Kf7
34. Qxb6 Qe4 35. Bf3 Qf4 36. Rc3 Qa4 37. Rc7 Rc8 38. Ra7 Rc1+ 39. Kh2 Qf4+ 40.
g3 Qxf3 41. Rxd7 Rh1# 0-1

[Event "DEM U10/U10w 2013"]
[Site "Oberhof GER"]
[Date "2013.05.19"]
[Round "2"]
[White "Grabbel, Lennart Christian"]
[Black "Ziegenfuß, Antonia"]
[Result "1-0"]
[Termination "normal"]
[Board "43"]
[WhiteElo "893"]
[BlackElo "1064"]
[PlyCount "39"]
[WhiteFideId "16201620"]
[BlackFideId "12962554"]
[EventCountry "GER"]
[EventRounds "11"]
[EventType "swiss"]
[EventDate "2013.05.18"]

1. d4 Nf6 2. c4 g6 3. Nc3 Bg7 4. e4 d6 5. f4 O-O 6. Nf3 Bd7 7. Be3 Re8 8. Bd3
Ng4 9. Qd2 Nxe3 10. Qxe3 Bg4 11. d5 e5 12. fxe5 dxe5 13. O-O Qe7 14. h3 Bd7 15.
Rf2 c6 16. Raf1 cxd5 17. Nxd5 Qd6 18. Ng5 Rf8 19. Nxf7 Qa6 20. Ne7# 1-0

[Event "DEM U10/U10w 2013"]
[Site "Oberhof GER"]
[Date "2013.05.19"]
[Round "2"]
[White "Silber, Fabian"]
[Black "Huppert, Anna"]
[Result "0-1"]
[Termination "normal"]
[Board "44"]
[WhiteElo "1058"]
[BlackElo "793"]
[PlyCount "56"]
[WhiteFideId "12947288"]
[BlackFideId "16214439"]
[EventCountry "GER"]
[EventRounds "11"]
[EventType "swiss"]
[EventDate "2013.05.18"]

1. e4 e5 2. Nf3 Nc6 3. d4 d6 4. Bb5 Bd7 5. d5 Nd4 6. Bxd7+ Qxd7 7. Nxd4 exd4 8.
Qxd4 Nf6 9. e5 dxe5 10. Qxe5+ Be7 11. Nc3 Ng4 12. Qg3 Qf5 13. f3 Ne5 14. Qxg7
Rf8 15. Qg3 O-O-O 16. Qf2 b6 17. Qe2 Ng6 18. Qa6+ Kd7 19. Qb5+ Kc8 20. Qa6+ Kd7
21. Qb7 Nh4 22. Qc6+ Kc8 23. Nb5 Rd7 24. Nxa7+ Kb8 25. Nb5 Re8 26. Kd1 Bd6 27.
g4 Qe5 28. Qxd7 Qe2# 0-1

[Event "DEM U10/U10w 2013"]
[Site "Oberhof GER"]
[Date "2013.05.19"]
[Round "2"]
[White "Svane, Freja"]
[Black "Gelfenbaum, Daniel"]
[Result "0-1"]
[Termination "normal"]
[Board "45"]
[WhiteElo "867"]
[BlackElo "1055"]
[PlyCount "58"]
[WhiteFideId "12940100"]
[BlackFideId "12965634"]
[EventCountry "GER"]
[EventRounds "11"]
[EventType "swiss"]
[EventDate "2013.05.18"]

1. e4 c6 2. Nc3 d5 3. d4 dxe4 4. Nxe4 Bf5 5. Nc5 b6 6. Nb3 Nf6 7. Nf3 Nbd7 8.
Bf4 e6 9. Bd3 Bg6 10. O-O Be7 11. Ne5 Nxe5 12. dxe5 Bxd3 13. cxd3 Nd5 14. Qd2
Nxf4 15. Qxf4 Qxd3 16. Rad1 Qa6 17. Qf3 Qb7 18. Nd4 Rc8 19. Nb5 Qb8 20. Nd6+
Bxd6 21. Rxd6 c5 22. Rfd1 O-O 23. R1d3 Rcd8 24. Qd1 Rxd6 25. Rxd6 h6 26. a3 Qc7
27. Rd7 Qxe5 28. Qd2 Qf5 29. Rxa7 Qb1+ 0-1

[Event "DEM U10/U10w 2013"]
[Site "Oberhof GER"]
[Date "2013.05.19"]
[Round "2"]
[White "Brunner, Sophia"]
[Black "Zell, Hannah"]
[Result "1-0"]
[Termination "normal"]
[Board "46"]
[WhiteElo "1054"]
[BlackElo "723"]
[PlyCount "49"]
[WhiteFideId "12960683"]
[BlackFideId "16208900"]
[EventCountry "GER"]
[EventRounds "11"]
[EventType "swiss"]
[EventDate "2013.05.18"]

1. d4 d5 2. c4 e6 3. Nc3 Nf6 4. Nf3 Nc6 5. Bg5 h6 6. Bh4 g5 7. Bg3 Bb4 8. Qc2
b6 9. Be5 Rg8 10. a3 Bd6 11. Bxf6 Qxf6 12. cxd5 exd5 13. Nxd5 Qe6 14. Qxc6+ Qd7
15. Nf6+ Ke7 16. Nxd7 Bxd7 17. Qe4+ Be6 18. d5 f5 19. Qxe6+ Kf8 20. Qxh6+ Rg7
21. Qh8+ Rg8 22. Qf6+ Ke8 23. e3 Rf8 24. Bb5+ c6 25. Bxc6# 1-0

[Event "DEM U10/U10w 2013"]
[Site "Oberhof GER"]
[Date "2013.05.19"]
[Round "2"]
[White "Müller, Marvin"]
[Black "Schilay, Maria"]
[Result "1-0"]
[Termination "normal"]
[Board "47"]
[WhiteElo "774"]
[BlackElo "1048"]
[PlyCount "133"]
[WhiteFideId "16214528"]
[BlackFideId "12942979"]
[EventCountry "GER"]
[EventRounds "11"]
[EventType "swiss"]
[EventDate "2013.05.18"]

1. e4 e5 2. Nf3 Nc6 3. Bc4 Nf6 4. Ng5 d5 5. exd5 Nd4 6. c3 b5 7. Bf1 Nxd5 8.
cxd4 Qxg5 9. Bxb5+ Kd8 10. O-O Bh3 11. Qf3 Be6 12. d3 Qg6 13. dxe5 Rb8 14. Bc6
Nb4 15. Be4 Qg4 16. Qxg4 Bxg4 17. Bg5+ Ke8 18. Nc3 Nc2 19. Rab1 h6 20. Bh4 g5
21. Bg3 h5 22. h4 Be7 23. Bc6+ Kf8 24. hxg5 Bxg5 25. f4 h4 26. Bh2 Be7 27. Ne4
Ne3 28. Rfe1 Nf5 29. Rbc1 Rg8 30. Rc2 h3 31. g3 Nd4 32. Rec1 Ne2+ 33. Kf2 Nxc1
34. Rxc1 Rb6 35. Rc2 Rg6 36. Bd5 c6 37. Bb3 Bd1 38. Rc3 Bxb3 39. axb3 Bb4 40.
Rc2 Ba5 41. Nc5 Ke7 42. Kf3 f6 43. f5 Rh6 44. exf6+ Rxf6 45. Re2+ Kd6 46. Ne4+
Ke5 47. d4+ Kxd4 48. Nxf6 Rxb3+ 49. Kg4 Kd3 50. Rf2 Bb6 51. Rf3+ Be3 52. Kxh3
Ke2 53. Rxe3+ Rxe3 54. Ng4 Rf3 55. f6 Rf5 56. Bg1 Kf3 57. Kh4 Kg2 58. Bxa7 Ra5
59. f7 Rf5 60. Ne3+ Kf3 61. Nxf5 Ke4 62. f8=Q Kd5 63. Qd6+ Kc4 64. Qd4+ Kb5 65.
Nd6+ Ka5 66. Qc4 c5 67. Qb5# 1-0